Antony and Cleopatra (total study edition)

Uloženo v:
Podrobná bibliografie
Hlavní autor: Shakespeare, William
Médium: Kniha
Jazyk:Undetermined
Vydáno: Londres, Inglaterra Coles 1956
Témata:
Tagy: Přidat tag
Žádné tagy, Buďte první, kdo vytvoří štítek k tomuto záznamu!

MARC

LEADER 00000nam a2200000Ia 4500
008 170316s9999 xx 000 0 und d
040 |a cru BVZT 
090 |a 820 S-5an 
100 |a Shakespeare, William 
245 |a Antony and Cleopatra (total study edition) 
260 |a Londres, Inglaterra 
260 |b Coles 
260 |c 1956 
300 |a 95 páginas 
650 |a LITERATURA INGLESA 
999 |c 7101  |d 7101 
942 |c 15 D  |h 820 S-5an  |2 z